Camiones modelo AC : 3 1/2 - 5 - 6 1/2 - 7 1/2 toneladas 3 1/2 - 5 - 6 1/2 - 7 1/2 toneladas
Descripción Física:
52 p. : il. ; 30 cm
Materias:
Camions -- Catàlegs
MARC
| LEADER | 00000nam a2200000Ia 4500 | ||
|---|---|---|---|
| 001 | 22756 | ||
| 008 | 160829s9999 xx 000 0 cat d | ||
| 080 | |a C-3-307 | ||
| 245 | |a Camiones modelo AC : |b 3 1/2 - 5 - 6 1/2 - 7 1/2 toneladas | ||
| 260 | |a Nueva York : |b Mack Trucks, [192- ?] | ||
| 300 | |a 52 p. : |b il. ; |c 30 cm | ||
| 590 | |a A la coberta: Mack, catálogo no. 34. | ||
| 590 | |a Prové de Q-501 | ||
| 650 | |a Camions |x Catàlegs |9 47775 | ||
| 901 | |a Arxiu | ||
| 942 | |n 1 | ||
| 952 | |0 0 |1 0 |4 0 |6 C3307 |7 1 |9 54093 |a Arxiu |b Arxiu |d 2016-12-01 |l 0 |o C-3-307 |p 22756 |r 2016-12-01 00:00:00 |w 2016-12-01 |y ARXIU | ||
| 999 | |c 57961 |d 57961 | ||